000 00324nam a2200133Ia 4500
008 221030s9999 xx 000 0 und d
041 _aEnglish
082 _a105.23
100 _aN. Rohmetra
245 0 _aCultural Paradigm in Managing People & Organisations
_cby N. Rohmetra
260 _c0
650 _aMb
942 _cBK
999 _c12410
_d12410